The last quarterback draft by ever team in the first round - Statistics

General Stats
  • This quiz has been taken 12 times
  • The average score is 25 of 31
Answer Stats
Hint Answer % Correct
Bears Caleb WIlliams
100%
Commanders Jayden Daniels
100%
Bengals Joe Burrow
100%
Packers Jordan Love
100%
Bills Josh Allen
100%
Chargers Justin Herbert
100%
Cardniels Kyler Murray
100%
Ravens Lamar Jackson
100%
Chiefs Patrick Mahomes
100%
Dolphins Tua Tagovailoa
100%
Jets Zach WIlson
100%
Colts Anthony Richardson
91%
Texans C.J. Stroud
91%
Rams Jared Goff
91%
Lions Matthew Stafford
91%
Broncos Bo Nix
82%
Titans Cam Ward
82%
Patriots Drake Maye
82%
Bucs Jameis Winston
82%
Vikings J.J. McCarthy
82%
Steelers Kenny Pickett
82%
Falcons Micheal Penix Jr
82%
Panthers Bryce Young
73%
Giants Jaxson Dart
73%
Jags Trevor Lawrence
73%
Browns Baker Mayfield
55%
Eagles Carson Wentz
55%
49ers Trey Lance
55%
Raiders JaMarcus Russell
45%
Seahawks Rick Mirer
36%
Cowboys Troy Akman
0%
No matching quizzes found
Score Distribution
Percent of People with Each Score
Percentile by Number Answered
Your Score History
You have not taken this quiz